| 000 | 00718cam a2200217 a 4500 | ||
|---|---|---|---|
| 020 | _a089629207X (pbk. : alk. paper) | ||
| 040 | _cDNAL | ||
| 082 | 0 | 0 | _a338 SOC 2013 C077 Or. |
| 245 | 0 | 0 |
_aSocioeconomic considerations in biosafety decisionmaking : _bmethods and implementation / |
| 260 |
_aWashington, DC : _bInternational Food Policy Research Institute, _cc2013. |
||
| 300 |
_axiv, 212 p. : _bill. ; _c23 cm. |
||
| 650 | 0 | _aCotton | |
| 650 | 0 | _aCotton | |
| 650 | 0 | _aCotton | |
| 650 | 0 | _aTransgenic plants | |
| 700 | 1 | _aHorna RodrÃguez, Julia Daniela. | |
| 700 | 1 | _aZambrano, Patricia. | |
| 700 | 1 | _aFalck-Zepeda, José Benjamin. | |
| 710 | 2 | _aInternational Food Policy Research Institute. | |
| 942 | _cAEDBB | ||
| 999 |
_c21338 _d21338 |
||